| 000 | 00448nam a2200193Ia 4500 | ||
|---|---|---|---|
| 008 | 210210b1940 xxu||||| |||| 00| 0 eng d | ||
| 041 | _aeng | ||
| 082 | _a520/94 | ||
| 100 | _aJONES (H Spencer) | ||
| 245 | _aLife on other worlds | ||
| 260 |
_aLondon _bThe English Universities Press Ltd. _c1940 |
||
| 300 | _aviii,259 | ||
| 650 | _aworlds | ||
| 650 | _aother | ||
| 650 | _aon | ||
| 650 | _aLife | ||
| 690 | _aAstronomy | ||
| 906 | _a008079 | ||
| 999 |
_c125899 _d125899 |
||